| 000 | 01303cam a22002894a 4500 | ||
|---|---|---|---|
| 001 | 15457178 | ||
| 005 | 20100218101642.0 | ||
| 008 | 080918s2009 nju | 001 0 eng d | ||
| 010 | _a 2008040378 | ||
| 020 | _a9780691135250 (hardcover : alk. paper) | ||
| 040 |
_aDLC _cDLC _dDLC |
||
| 043 |
_aa------ _af------ _an-us--- |
||
| 050 | 0 | 0 |
_aJZ1480.A55 _bN35 2009 |
| 082 | 0 | 0 |
_222 _a327.7301767 _bNAK |
| 100 | 1 |
_aNakhleh, Emile A., _d1938- _913945 |
|
| 245 | 1 | 2 |
_aA Necessary Engagement : _bReinventing America's Relations with the Muslim World / _cEmile A. Nakhleh. |
| 260 |
_aPrinceton : _bPrinceton University Press, _cc2009. |
||
| 300 |
_axix, 162 p. ; _c22 cm. |
||
| 490 | 0 |
_aPrinceton studies in Muslim politics _913948 |
|
| 504 | _aIncludes bibliographical references and index. | ||
| 651 | 0 |
_aUnited States _xRelations _zIslamic countries. _913946 |
|
| 651 | 0 |
_aIslamic countries _xRelations _zUnited States. _913947 |
|
| 856 | 4 | 1 |
_3Table of contents only _uhttp://www.loc.gov/catdir/toc/ecip0828/2008040378.html |
| 942 |
_2ddc _cBB |
||
| 999 |
_c13980 _d13980 |
||